000 00742nam a22002177a 4500
001 23521
003 BD-RjUL
005 20211209000935.0
008 140311s1966 nyu||||| |||| 001 0 eng d
035 _a(BD-RjUL)23586
040 _aBD-RjUL
_beng
_cBD-RjUL
_dBD-RjUL
041 _aeng
082 0 4 _a330.98
_bPAL 1966
_223
110 2 _aPan American Union
_9161401
245 _aLatin America :
_b problems and perspectives of economic development, 1963-1964 /
_c Pan American Union
260 _a Baltimore :
_bPublished for the Organization of American States by Johns Hopkins Press,
_c c1966.
300 _a242 p. :
_bill. ;
_c24 cm.
504 _aIncludes index.
651 _aLatin America
_vEconomic conditions.
_972398
942 _2ddc
_cBK
999 _c23521
_d23521